| 000 | 01544naa a22003497a 4500 | ||
|---|---|---|---|
| 001 | BR8805751 | ||
| 003 | BR-BrBNA | ||
| 005 | 20240918180314.0 | ||
| 007 | ta | ||
| 008 | 230509b bl.||||| |||| 00| 0 por d | ||
| 040 |
_aBR-BrBNA _bpor _cBiblioteca Nacional de Agricultura |
||
| 041 | _a(Pt) | ||
| 072 |
_aF08; U10 _b1440 _b0120 |
||
| 090 | _aF08 BR8805751 | ||
| 100 | 1 | _aSilva, E.C. da | |
| 100 | 1 | _aRibeiro, V.Q.R. | |
| 100 | 1 | _aAndrade, D.F. de | |
| 111 | 1 |
_a1. Simposio de Estatistica Aplicada a Experimentacao Agronomica; 30. Reuniao Anual da Regiao Brasileira da Sociedade Internacional de Biometria _cPiracicaba, SP (Brazil) _d22-26 Jul 1985 |
|
| 245 | 1 | _aUso de um modelo quadratico na determinacao do tamanho e forma de parcelas em experimentos com caupi consorciado com milho | |
| 246 | 1 | _a[The use of square models to determine the size and form of parcels in experiments with cowpea in multiple cropping withh maize] | |
| 246 | 1 | _a[Reunion on Statistics applied to Agricultural Experiments] | |
| 260 | 3 |
_aCampinas, SP (Brasil): _c1985. |
|
| 500 | _aSimposio de Estatistica Aplicada a Experimentacao Agronomica Campinas, SP (Brasil): 1985. p. 117-123 (BR8805751-AM)F08 | ||
| 650 | _aFEIJAO DE CORDA | ||
| 650 | _aMILHO | ||
| 650 | _aCONSORCIACAO DE CULTURA | ||
| 650 | _aPARCELA | ||
| 650 | _aMODELO MATEMATICO | ||
| 773 | 0 |
_tSimposio de Estatistica Aplicada a Experimentacao Agronomica _wF08 BR8805751 _gCampinas, SP (Brasil), 1985. p. 117-123 |
|
| 909 |
_a202404 _bLucia _c55 _dLucia Elande |
||
| 942 |
_cAM _2AGRIS |
||
| 999 |
_c319701 _d319701 |
||